<?xml version="1.0" encoding="UTF-8"?>
<record
    xmlns:xsi="http://www.w3.org/2001/XMLSchema-instance"
    xsi:schemaLocation="http://www.loc.gov/MARC21/slim http://www.loc.gov/standards/marcxml/schema/MARC21slim.xsd"
    xmlns="http://www.loc.gov/MARC21/slim">

  <leader>03444njm a2200541Ia 4500</leader>
  <controlfield tag="001">24690</controlfield>
  <controlfield tag="003">IT-RoPAU</controlfield>
  <controlfield tag="005">20220918181120.0</controlfield>
  <controlfield tag="008">131025s9999    xx            000 0 und d</controlfield>
  <datafield tag="040" ind1=" " ind2=" ">
    <subfield code="a">IT-RoPAU</subfield>
  </datafield>
  <datafield tag="040" ind1=" " ind2=" ">
    <subfield code="c">IT-RoPAU</subfield>
  </datafield>
  <datafield tag="041" ind1=" " ind2=" ">
    <subfield code="a">ITALIANO</subfield>
  </datafield>
  <datafield tag="999" ind1=" " ind2=" ">
    <subfield code="c">99699</subfield>
    <subfield code="d">99699</subfield>
  </datafield>
  <datafield tag="999" ind1=" " ind2=" ">
    <subfield code="b">n.d.</subfield>
  </datafield>
  <datafield tag="100" ind1=" " ind2=" ">
    <subfield code="a">AA.VV.</subfield>
    <subfield code="9">794</subfield>
  </datafield>
  <datafield tag="100" ind1=" " ind2=" ">
    <subfield code="e">Autore musica</subfield>
    <subfield code="9">11733</subfield>
  </datafield>
  <datafield tag="100" ind1=" " ind2=" ">
    <subfield code="g">Codice autore musica SPICS: 12000</subfield>
    <subfield code="9">796</subfield>
  </datafield>
  <datafield tag="245" ind1=" " ind2=" ">
    <subfield code="a">Recital di Luciano Virgili</subfield>
  </datafield>
  <datafield tag="250" ind1=" " ind2=" ">
    <subfield code="a">2a ed.</subfield>
  </datafield>
  <datafield tag="260" ind1=" " ind2=" ">
    <subfield code="a">ITALIA</subfield>
  </datafield>
  <datafield tag="260" ind1=" " ind2=" ">
    <subfield code="b">FAMILY RECORDS</subfield>
    <subfield code="c">1972 [1a Ed.:1969 - Ed. Lingua Orig.: 1969]</subfield>
  </datafield>
  <datafield tag="300" ind1=" " ind2=" ">
    <subfield code="a">DISCO</subfield>
  </datafield>
  <datafield tag="300" ind1=" " ind2=" ">
    <subfield code="c">32 minuti (Testo:  pag.)</subfield>
  </datafield>
  <datafield tag="500" ind1=" " ind2=" ">
    <subfield code="a">Canzone italiana. Recital</subfield>
  </datafield>
  <datafield tag="505" ind1=" " ind2=" ">
    <subfield code="a">Prigioniero di un sogno (3:00) - Arrotino (4:00) - Piccola (2:00) - Il tango del cuore (3:00) - Campane fiorentine (3:00) - Quando dicesti si (3:00) - Serenata delle serenate (4:00) - Nulla (3:00) - Per un filino d'erba (3:00) - Cenere (3:00) - La mia storia (3:00) - Ho sognato Firenze (3:00)</subfield>
  </datafield>
  <datafield tag="650" ind1=" " ind2=" ">
    <subfield code="a">RECITAL [DISCHI]</subfield>
    <subfield code="e">Codice MATERIA SPICS: 9950</subfield>
    <subfield code="9">5434</subfield>
  </datafield>
  <datafield tag="700" ind1=" " ind2=" ">
    <subfield code="a">Virgili Luciano</subfield>
    <subfield code="g">Codice interprete SPICS: 9678</subfield>
    <subfield code="e">Interprete</subfield>
    <subfield code="9">11734</subfield>
  </datafield>
  <datafield tag="700" ind1=" " ind2=" ">
    <subfield code="a">Innocenzi Carlo</subfield>
    <subfield code="g">Codice autore musica SPICS: 13493</subfield>
    <subfield code="e">Autore musica</subfield>
    <subfield code="p">Prigioniero di un sogno - Serenata delle serenate</subfield>
    <subfield code="9">11735</subfield>
  </datafield>
  <datafield tag="700" ind1=" " ind2=" ">
    <subfield code="a">Morbelli Riccardo</subfield>
    <subfield code="g">Codice autore testo/musica SPICS: 13446</subfield>
    <subfield code="e">Autore testo/musica</subfield>
    <subfield code="p">Prigioniero di un sogno</subfield>
    <subfield code="9">11736</subfield>
  </datafield>
  <datafield tag="700" ind1=" " ind2=" ">
    <subfield code="a">Bracchi Alfredo</subfield>
    <subfield code="g">Codice autore musica SPICS: 13448</subfield>
    <subfield code="e">Autore musica</subfield>
    <subfield code="p">Arrotino</subfield>
    <subfield code="9">11737</subfield>
  </datafield>
  <datafield tag="700" ind1=" " ind2=" ">
    <subfield code="a">Martinelli Ferruccio</subfield>
    <subfield code="g">Codice autore testo/musica SPICS: 15762</subfield>
    <subfield code="e">Autore testo/musica</subfield>
    <subfield code="p">Arrotino</subfield>
    <subfield code="9">11738</subfield>
  </datafield>
  <datafield tag="700" ind1=" " ind2=" ">
    <subfield code="a">Pizzigoni</subfield>
    <subfield code="g">Codice autore musica SPICS: 13516</subfield>
    <subfield code="e">Autore musica</subfield>
    <subfield code="p">Piccola</subfield>
    <subfield code="9">11739</subfield>
  </datafield>
  <datafield tag="700" ind1=" " ind2=" ">
    <subfield code="a">Testoni Giancarlo</subfield>
    <subfield code="g">Codice autore testo/musica SPICS: 13524</subfield>
    <subfield code="e">Autore testo/musica</subfield>
    <subfield code="p">Piccola - La mia storia</subfield>
    <subfield code="9">11740</subfield>
  </datafield>
  <datafield tag="700" ind1=" " ind2=" ">
    <subfield code="a">Medini</subfield>
    <subfield code="g">Codice autore musica SPICS: 15783</subfield>
    <subfield code="e">Autore musica</subfield>
    <subfield code="p">Il tango del cuore</subfield>
    <subfield code="9">11741</subfield>
  </datafield>
  <datafield tag="700" ind1=" " ind2=" ">
    <subfield code="a">Petruzzelli </subfield>
    <subfield code="g">Codice autore testo/musica SPICS: 15784</subfield>
    <subfield code="e">Autore testo/musica</subfield>
    <subfield code="p">Il tango del cuore</subfield>
    <subfield code="9">11742</subfield>
  </datafield>
  <datafield tag="700" ind1=" " ind2=" ">
    <subfield code="a">Tettoni Ferdinando</subfield>
    <subfield code="g">Codice autore musica SPICS: 13515</subfield>
    <subfield code="e">Autore musica</subfield>
    <subfield code="p">Campane fiorentine</subfield>
    <subfield code="9">11743</subfield>
  </datafield>
  <datafield tag="700" ind1=" " ind2=" ">
    <subfield code="a">Seren Gay Domenico</subfield>
    <subfield code="g">Codice autore SPICS: 27457</subfield>
    <subfield code="e">Autore</subfield>
    <subfield code="p">Campane fiorentine - Quando dicesti si - Nulla - La mia storia</subfield>
    <subfield code="9">11744</subfield>
  </datafield>
  <datafield tag="700" ind1=" " ind2=" ">
    <subfield code="a">Chiri </subfield>
    <subfield code="g">Codice autore testo/musica SPICS: 13539</subfield>
    <subfield code="e">Autore testo/musica</subfield>
    <subfield code="p">Campane fiorentine</subfield>
    <subfield code="9">11745</subfield>
  </datafield>
  <datafield tag="700" ind1=" " ind2=" ">
    <subfield code="a">De Lorenzo</subfield>
    <subfield code="g">Codice autore musica SPICS: 15786</subfield>
    <subfield code="e">Autore musica</subfield>
    <subfield code="p">Quando dicesti si - Per un filino d'erba - Ho sognato Firenze</subfield>
    <subfield code="9">11746</subfield>
  </datafield>
  <datafield tag="700" ind1=" " ind2=" ">
    <subfield code="a">Olivares</subfield>
    <subfield code="g">Codice autore testo/musica SPICS: 15785</subfield>
    <subfield code="e">Autore testo/musica</subfield>
    <subfield code="p">Quando dicesti si - Per un filino d'erba - Ho sognato Firenze</subfield>
    <subfield code="9">11747</subfield>
  </datafield>
  <datafield tag="700" ind1=" " ind2=" ">
    <subfield code="a">Innocenzi Carlo</subfield>
    <subfield code="g">Codice autore musica SPICS: 13493</subfield>
    <subfield code="e">Autore musica</subfield>
    <subfield code="p">Serenata delle serenate</subfield>
    <subfield code="9">11748</subfield>
  </datafield>
  <datafield tag="700" ind1=" " ind2=" ">
    <subfield code="a">Cherubini Bixio</subfield>
    <subfield code="g">Codice autore testo/musica SPICS: 13442</subfield>
    <subfield code="e">Autore testo/musica</subfield>
    <subfield code="p">Serenata delle serenate - Cenere</subfield>
    <subfield code="9">11749</subfield>
  </datafield>
  <datafield tag="700" ind1=" " ind2=" ">
    <subfield code="a">Quattrini</subfield>
    <subfield code="g">Codice autore musica SPICS: 15788</subfield>
    <subfield code="e">Autore musica</subfield>
    <subfield code="p">Nulla</subfield>
    <subfield code="9">11750</subfield>
  </datafield>
  <datafield tag="700" ind1=" " ind2=" ">
    <subfield code="a">Casasco</subfield>
    <subfield code="g">Codice autore SPICS: 15787</subfield>
    <subfield code="e">Autore</subfield>
    <subfield code="p">Nulla</subfield>
    <subfield code="9">11751</subfield>
  </datafield>
  <datafield tag="700" ind1=" " ind2=" ">
    <subfield code="a">Capotosti</subfield>
    <subfield code="g">Codice autore SPICS: 22717</subfield>
    <subfield code="e">Autore</subfield>
    <subfield code="p">Per un filino d'erba - Ho sognato Firenze</subfield>
    <subfield code="9">11752</subfield>
  </datafield>
  <datafield tag="700" ind1=" " ind2=" ">
    <subfield code="a">Piubeni</subfield>
    <subfield code="g">Codice autore musica SPICS: 15789</subfield>
    <subfield code="e">Autore musica</subfield>
    <subfield code="p">Cenere</subfield>
    <subfield code="9">11753</subfield>
  </datafield>
  <datafield tag="700" ind1=" " ind2=" ">
    <subfield code="a">Bassi</subfield>
    <subfield code="g">Codice autore musica SPICS: 15753</subfield>
    <subfield code="e">Autore musica</subfield>
    <subfield code="p">La mia storia</subfield>
    <subfield code="9">11754</subfield>
  </datafield>
  <datafield tag="942" ind1=" " ind2=" ">
    <subfield code="c">MD</subfield>
    <subfield code="2">ddc</subfield>
  </datafield>
  <datafield tag="952" ind1=" " ind2=" ">
    <subfield code="0">0</subfield>
    <subfield code="1">0</subfield>
    <subfield code="4">0</subfield>
    <subfield code="6">24690_000000000000000</subfield>
    <subfield code="7">1</subfield>
    <subfield code="a">SPICS</subfield>
    <subfield code="b">SPICS</subfield>
    <subfield code="d">2013-10-25</subfield>
    <subfield code="l">0</subfield>
    <subfield code="o">24690</subfield>
    <subfield code="r">2013-10-25 00:00:00</subfield>
    <subfield code="w">2013-10-25</subfield>
    <subfield code="y">MD</subfield>
    <subfield code="z">Progr. Ins.: 5385 / N.Vol.: 1 / Copie: 1 - Copia rara: n.d. / date import: 01.01.2014 - By Epidotti, Trombetti, Vaglietti</subfield>
  </datafield>
</record>
